000 00954nas a2200253Ia 4500
001 R007/H8371
003 IT-RoPAU
008 151124c99999999xx |||||||||||| ||und||
040 _aIT-RoPAU
040 _cIT-RoPAU
041 _aITALIANO
100 _aDonghi Lorenzo
_gCodice Aut. SPICS: 59262
210 _aCINEFORUM
222 _aCineforum
245 _aCINEFORUM, ANNO 48-N.473 (APRILE 2008)
_bSonetaula di Salvatore Mereu
250 _a1a ed.
260 _aBERGAMO
_bFEDERAZIONE ITALIANA CINEFORUM
_c2008
501 _bPaulus - SPICS - Società San Paolo EM (non-commercial uses only)
_cCopyright2015
300 _a3 p. [29-31]
362 _aANNO 048, N.473 (APRILE 2008)
500 _aScheda, Trama e Recensione del Film. Le Rughe della Terra: il Corpo Incisodi Zuanne; la Cassa del Tempo. Essere in Empatia Col Proprio Mondo, Intervista a Salvatore Mereu a Cura di G. Olla.
650 _aCINEMA
_vPUBBLICAZIONE PERIODICA
942 _cCR
999 _c171730
_d171730